000 00287nam a22001337a 4500
008 170209b xxu||||| |||| 00| 0 eng d
020 _a9780763751265
041 _aeng
080 _27ED
_a61
100 _a4
101 _aSHM
245 _aCHRONIC ILLNES
_cMOROF LUBKIN
942 _2udc
_cBK
999 _c5051
_d5051